| 000 | 00985aab a2200193 i 4500 | ||
|---|---|---|---|
| 001 | 768714001 | ||
| 003 | CO-MdFUSB | ||
| 005 | 20221103151837.0 | ||
| 008 | 221103s2002 sp ||||| |||| 00| 0spa d | ||
| 040 |
_bspa _cCO-MdFUSB _dCO-MdFUSB |
||
| 041 | _aspa | ||
| 100 | 1 |
_aBong, Sharon A. _eautor |
|
| 245 | 1 | 0 |
_aSufrir, resistir, sanar _b: una visión asiática del cuerpo _c/ Sharon A. Bong |
| 300 |
_aNúmero 295, (2002), Páginas 155-164 _c; 21 cm |
||
| 520 | _aEl mundo globalizado produce también imágenes globalizadas: imágenes globalizadas de personas e imágenes globalizadas de cuerpos humanos. En estas imágenes de cuerpos resulta visible la fractura que atraviesa el mundo. Es una fractura que no separa simplemente a "nosotros" de "los otros", sino que pasa también una y otra vez a través de las personas. | ||
| 650 | 7 |
_96714 _aAntropología cultural y social |
|
| 773 | 0 |
_tConcilium _049450 _960417 _gNúmero 295, (2002), Páginas 155-164 _qPáginas 155 |
|
| 942 | _cANA | ||
| 999 |
_c49956 _d49956 |
||